000 00321nam a22001457a 4500
003 OSt
005 20160727222350.0
008 160622b xxu||||| |||| 00| 0 eng d
040 _cTEST
100 _9372
_aCook, R,
245 _aNortal Fear
260 _aN.D
_bRupa & Comp.
_c1988
300 _aNortal Fear
942 _2ddc
_cBK
999 _c301
_d301